| 000 | 01044nam a2200313Ia 4500 | ||
|---|---|---|---|
| 003 | OSt | ||
| 005 | 20221007123113.0 | ||
| 006 | a|||||r|||| 00| 0 | ||
| 007 | ta | ||
| 008 | 221006b |||||||| |||| 00| 0 eng d | ||
| 020 | _a9781107123137 (hbk) | ||
| 024 | _a200632 | ||
| 037 |
_b5328, 06/02/2019, Ashutosh Technical Books _cTextual |
||
| 040 |
_aPAPL _cPAPL _beng |
||
| 041 |
_2eng _aeng |
||
| 082 | _aC216, Q6 Carpa | ||
| 100 |
_aCai Wei _9470992 |
||
| 245 | 0 |
_aImperfections in crystalline solids _b Nix William D |
|
| 260 |
_aCambridge _bCambridge University Press _c2016 |
||
| 300 |
_ax, 519p. ill. _ccm. |
||
| 500 | _aAppendices 488-506p.; Bibliography 507-514p.; Index 515-519p. | ||
| 650 |
_a Dislocations _9716457 |
||
| 650 |
_a Grain boundaries _9716458 |
||
| 650 |
_a Point defects _9716459 |
||
| 650 | _aPhysics | ||
| 700 |
_a Nix William D _9716460 |
||
| 942 |
_hC216, Q6 Carpa _cTEXL _2CC |
||
| 999 |
_c1211379 _d1211379 |
||